000 00736nam a22002177a 4500
005 20251108165218.0
008 250721s1991 xx 000 0 ara d
082 1 4 _a610.956/حسا
100 1 _aباشا، حسان شمسي
245 1 0 _aأسرار الختان تتجلى في الطب الحديث /
264 1 _aجدة :
_bمكتبة السوادي للتوزيع،
_c1991.
300 _a121ص
490 0 _aموسوعة الطب النبوي بين الإعجاز و العلم الحديث ؛ 5
650 1 7 _aالطب
650 1 7 _aالإسلام
650 1 7 _aالجهاز التناسلي الذكري
650 1 7 _aالحديث الشريف
650 1 7 _aطب الأطفال
942 _2ddc
_cBK
999 _c22263
_d22263